[Event "GER-Cup17 email"]
[Site "GER email"]
[Date "2009.??.??"]
[Round "?"]
[White "Gruen, Jochen"]
[Black "Seuchter, Siegfried"]
[Result "1/2-1/2"]
[WhiteElo "2163"]
[BlackElo "2106"]
[PlyCount "73"]
[EventDate "2009.??.??"]
[EventType "tourn (corr)"]
[EventRounds "12"]
[EventCountry "GER"]
[SourceTitle "Corr 2011"]
[Source "ChessBase"]
[SourceDate "2010.08.31"]
[SourceVersion "1"]
[SourceVersionDate "2010.08.31"]
[SourceQuality "1"]

1. c4 Nf6 2. Nc3 e5 3. Nf3 Nc6 4. g3 d5 5. cxd5 Nxd5 6. Bg2 Nb6 7. 0-0 Be7 8. a3 0-0 9. b4 Be6 10. d3 a6 11. Ne4 Bd5 12. Bb2 Bxe4 13. dxe4 Qxd1 14. Rfxd1 f6 15. Bc3 Na4 16. Rac1 Nxc3 17. Rxc3 Rfd8 18. Rdc1 a5 19. b5 Na7 20. a4 c6 21. bxc6 bxc6 22. R3c2 Rab8 23. Nd2 Rb4 24. Ra1 Rbd4 25. Nc4 Rd1+ 26. Rxd1 Rxd1+ 27. Bf1 Bb4 28. e3 Kf7 29. f4 exf4 30. gxf4 Ra1 31. Nb6 Ke6 32. h4 h5 33. Rb2 Ba3 34. Rb3 Bb4 35. Kf2 Kd6 36. Ba6 Kc5 37. Nd7+ 1/2-1/2

[Event "GER-Cup16 Z-408 email"]
[Site "GER email"]
[Date "2006.??.??"]
[Round "?"]
[White "Seuchter, Siegfried"]
[Black "Weber, Karlheinz"]
[Result "1-0"]
[WhiteElo "2106"]
[BlackElo "2163"]
[PlyCount "71"]
[EventDate "2006.??.??"]
[EventType "tourn (corr)"]
[EventRounds "9"]
[EventCountry "GER"]
[SourceTitle "Corr 2008"]
[Source "ChessBase"]
[SourceDate "2008.06.24"]
[SourceVersion "1"]
[SourceVersionDate "2008.06.24"]
[SourceQuality "1"]

1. e4 c5 2. Nf3 d6 3. d4 cxd4 4. Nxd4 Nf6 5. Nc3 a6 6. Be3 Nbd7 7. f3 e5 8. Nb3 Be7 9. Qd2 Qc7 10. g4 h6 11. 0-0-0 Nc5 12. Nxc5 dxc5 13. h4 Be6 14. Bh3 Rd8 15. Qg2 Rxd1+ 16. Rxd1 b5 17. g5 hxg5 18. Bxe6 fxe6 19. hxg5 Nd7 20. g6 b4 21. Ne2 c4 22. Kb1 c3 23. b3 Bc5 24. Bc1 Be7 25. f4 Qb7 26. fxe5 Nxe5 27. Nf4 Qb6 28. Nd3 Qd4 29. Bf4 Nxd3 30. Rxd3 Qc5 31. e5 Qc8 32. a4 a5 33. Be3 Rh5 34. Qf3 Rf5 35. Qh1 Rf8 36. Bb6 1-0